|
|
|
|
| LEADER |
00000nam a2200000Ia 4500 |
| 008 |
170217b2003 cr ||||| |||| 00| | spa d |
| 999 |
|
|
|c 1130
|d 1130
|
| 090 |
|
|
|a 18.08.01
|b 694 CD #45
|
| 100 |
1 |
|
|a Rodríguez Soto, Sonia
|9 774
|
| 245 |
1 |
8 |
|a MA 1002 Cálculo II. Cuaderno de Trabajo /
|c Sonia Rodríguez, Alberto Soto
|
| 260 |
|
|
|a San José, Costa Rica :
|b Universidad de Costa Rica. Escuela de Matemáticas,
|c 2003
|
| 300 |
|
|
|a 202 páginas
|
| 500 |
|
|
|a Material complementario en CD #45
|
| 650 |
|
0 |
|a MATEMÁTICAS
|9 482
|
| 700 |
1 |
|
|9 1217
|a Soto, Alberto
|
| 942 |
|
|
|i 001108 ,001111
|h 18.08.01 694 CD #45
|2 z
|c 01
|